Statystyki dla Quiz z wiedzy ogólnej cz 3 dla Kolegi Ignacego

Kliknij tutaj aby rozwiązać quiz!

Ogólne statystyki

  • Ten quiz został rozwiązany 122 razy
    (52 od ostatniego zresetowania)
  • Średni wynik to 35 z 50

Statystyki odpowiedzi

ZagadnienieOdpowiedź% Poprawnych
Żaba należy do rodziny:Płazów
98%
Co było słabym punktem greckiego herosa Achillesa?Pięta
96%
W jakim kraju krowa jest zwierzęciem świętym, którego nie można jeść?W Indiach
96%
Który kraj ma kształt buta?Włochy
96%
Ile ramion ma ośmiornica?8
93%
Co robi czasem samica modliszki zwyczajniej po godach?Pożera samca
93%
Największym krajem świata jest:Rosja
93%
Na jakich kontynentach żyje słoń?W Afryce i Azji
93%
Co oznacza słowo ,,kanibal"?Zjadacz ludzi
93%
Która sławna Włoska firma produkująca samochody sportowe ma konia jako symbol?Ferrari
91%
Jaki kształt miał legendarny stół króla Artura i Jego rycerzy?Okrągły
91%
Największą planetą układu słonecznego jest:Jowisz
89%
Stolicą Indii jest:New Delhi
89%
Który materiał jest najtwardszy?Diament
87%
Rabin jest:Religijnym przywódcą żydowskiej wspólnoty
87%
Jaki aparat mierzy siłę trzęsień Ziemi?Sejsmograf
87%
Przez który z tych krajów nie przechodzi masyw Alp?Hiszpanię
83%
Jak nazywa się samiec pszczoły?Truteń
83%
W którym roku rozpoczęła się I wojna światowa?1914
80%
Najdłuższy kraj na świecie, to:Chile
80%
Ile czasu potrzebuje Ziemia by okrążyć Słońce?Jeden rok
80%
Które pawie mają szczególny ogon?Tylko samce
80%
W którym roku rozpoczęła się bitwa pod Wiedniem?1683
78%
Jak się nazywa pierwszy sztuczny satelita, który okrążył Ziemię?Sputnik
76%
Mrówkojad należy do grupy mięsożerców i codziennie zjada:30 000 owadów
74%
Za jaką rybą przepadają niedźwiedzie?Łososiem
74%
Na czyjej głowie Wilhelm Tell miał położyć jabłko, by przeszyć je strzałą?Swojego syna
74%
Ile nóg ma pająk?8
72%
Mandaryna to:Marta Wiśniewska
72%
Wyspa Madera znajdująca się na Atlantyku, należy:Do Portugalii
65%
Ile istnieje gatunków zebr?3
63%
Gepard jest najszybszym ssakiem. Może osiągać prędkość:95 km/h
63%
Jaką prędkość może osiągnąć pociąg TGV?powyżej 300 a nawet do 574 km/h
63%
Ile razy na minutę bije serce osoby dorosłej?70
61%
Samiec świni nazywa się:Knur
61%
Produktem eksportowym wysp Fidżi jest Copra. Chodzi o:Suszony miąższ orzecha kokosowego
61%
Nurkowie mogą osiągnąć głębokość:25 do 30 metrów
50%
Jak nazywał się władca republiki Wenecji w Średniowieczu?Doża
50%
Jak nazywa się tylna część jachtu?Rufa
48%
W którym roku rozpoczęła się bitwa pod Płowcami?1331
46%
Człowiek ma jeden żołądek a ile ma ich krowa?4
46%
Która rzeka jest najdłuższą na świecie?Amazonka
46%
Ile czasu wieloryb może pozostawać pod wodą?Pół godziny
46%
Piłka do siatkówki jest pokryta:Skórą
43%
Która z tych odmian jabłek nie istnieje?Jona Silver
41%
Ile waży dorosły hipopotam?Ponad 4 tony
39%
Jaki to był dzień 1 września 1939 roku?Piątek
33%
Placki z gotowanych ziemniaków pieczone na blasze to:Moskole
30%
Ananasy to owoce, które rosną na:Roślinach
11%
Trąba słonia wyposażona jest w:Otwory nosowe
7%

Rozkład punktacji

Percentyl według liczby udzielonych odpowiedzi

Procent ludzi z każdym wynikiem

Twoja historia wyników

Nie rozwiązałeś tego quizu od ostatniego zresetowania